000 00655 a2200217 4500
999 _c32057
_d32057
003 OSt
005 20260115130927.0
008 260115b ||||| |||| 00| 0 eng d
020 _a978-93-560-6005-0
040 _c.
082 _a302.35
_bR632
100 _91779
_aRobbins, Stephen P.
245 _aEssentials of Organizational Behavior /
_cby Stephen P. Robbins, Timothy A. Judge and P. S. James
250 _a5th ed.
260 _bPearson India Education Services pvt ltd,
_aIndia :
_c2022.
300 _a436 p.
650 0 _92278
_aOrganizational Behavior
700 _96489
_aJudge, Timothy A.
700 _96490
_aJames, P. S.
942 _2ddc
_cBK